السابق قاموس عربي - فرنسي - إنجليزي / (Record no. 31703)

MARC details
000 -LEADER
fixed length control field 00615nam a22001937a 4500
005 - DATE AND TIME OF LATEST TRANSACTION
control field 20251108165813.0
008 - FIXED-LENGTH DATA ELEMENTS--GENERAL INFORMATION
fixed length control field 250721s1971 xx 000 0 ara d
082 14 - DEWEY DECIMAL CLASSIFICATION NUMBER
Classification number م/443.21/ج
100 1# - MAIN ENTRY--PERSONAL NAME
Personal name السابق، جروان
245 10 - TITLE STATEMENT
Title السابق قاموس عربي - فرنسي - إنجليزي /
264 1# - PRODUCTION, PUBLICATION, DISTRIBUTION, MANUFACTURE, AND COPYRIGHT NOTICE
Place of production, publication, distribution, manufacture بيروت :
Name of producer, publisher, distributor, manufacturer جروان السابق،
Date of production, publication, distribution, manufacture, or copyright notice 1971.
300 ## - PHYSICAL DESCRIPTION
Extent 565ص
650 17 - SUBJECT ADDED ENTRY--TOPICAL TERM
Topical term or geographic name as entry element اللغة الفرنسية
650 17 - SUBJECT ADDED ENTRY--TOPICAL TERM
Topical term or geographic name as entry element القواميس متعددة اللغات
650 17 - SUBJECT ADDED ENTRY--TOPICAL TERM
Topical term or geographic name as entry element اللغة العربية
650 17 - SUBJECT ADDED ENTRY--TOPICAL TERM
Topical term or geographic name as entry element اللغة الإنجليزية
942 ## - ADDED ENTRY ELEMENTS (KOHA)
Source of classification or shelving scheme Dewey Decimal Classification
Koha item type References
Holdings
حالة السحب حالة الفقدان مصدر التصنيف حالة التلف غير قابل للإعارة المكتبة الرئيسية المكتبة الحالية موقع الرف تاريخ التزويد الرقم المتسلسل Total Checkouts رقم الإستدعاء الباركود تاريخ آخر ظهور تاريخ الفاتورة نوع المادة (كوها)
    Dewey Decimal Classification   Not For Loan المكتبة المركزية المكتبة المركزية مراجع 06/07/2004 37063   م/443.21/ج 37063 28/07/2025 06/07/2004 References
Implemented & Customized by: BBB with SCIT (Smart Chains for Information Technology)

Powered by Koha